History Quiz

Random History or Year Quiz

Historical Events of 1789 Quiz Stats

Quiz Updated Jun 25, 2014

Also try: 1980
Challenge
Share
Tweet
Embed
Score 0/20 Timer 07:00
0 Plays Today
Date Event % Correct
February 4George Washington
98.6%
April 30New York
75.1%
August 28Saturn
70.9%
January 23Georgetown University
67.7%
June 8James Madison
67.4%
November 26Thanksgiving Day
65.9%
July 14The Bastille
65.4%
November 21North Carolina
64.2%
September 2Department of the Treasury
61.7%
November 13'Death and taxes'
54.7%
Date Event % Correct
October 5Versailles
53.9%
April 28HMS Bounty
52.4%
March 18Burning at the stake
35.8%
September 24John Jay
31.3%
September 15James Fenimore Cooper
30.8%
June 20Tennis Court
27%
June 14Captain Bligh
21.8%
August 26Declaration of the Rights of Man
20.2%
May 12Tammany Hall
18.7%
May 5Estates-General
15.5%

You're not logged in!

Compare scores with friends on all Sporcle quizzes.
Sign Up with Email
OR
Log In

You Might Also Like...

Show Comments

Extras

Top Quizzes Today


Score Distribution

Your Account Isn't Verified!

In order to create a playlist on Sporcle, you need to verify the email address you used during registration. Go to your Sporcle Settings to finish the process.